000 00995cam a2200241 4500
008 090401t1998 xxu||||| |||| 00| 0 eng d
020 _a0582357713
035 _a(Sirsi) u85574
041 _aeng
050 _a690.026
245 _aBuilding law reports. - Volume 86
260 _aHarlow, Essex
_bLongman
_c1998
300 _avi,170p. ; 23cm.
350 _a0
520 _aCases:- B Mullan & Sons Constractors Ltd v John Ross and Malcolm London (CA, NI 1996) - Dixons Group plc v Jan Andrew Murray-Oboynski and Others (QBD 1997) - Amstrad plc v Seagate Technology Incorporated and another (QBD 1997) - Laing Management Ltd and Morrison-Knudson Ltd v Aegon Insurance Company (UK) Ltd (QBD 1997) - Plant Construction plc v Clive Adam Associates (A Firm) and Others (QBD 1997)
650 _aBUILDING LAW REPORTS
650 _aCONSTRUCTION INDUSTRY
650 _aLAW REPORTS
690 _aBUILT ENVIRONMENT
700 _aLLoyd, Humphrey
_xEditor
942 _n0
948 _c15/04/1998
999 _c97055
_d97055